ბათუმის შოთა რუსთაველის სახელმწიფო უნივერსიტეტის ბიბლიოთეკა

Анабасис : (ბიბ.ჩანაწერი № 60723)

000 -LEADER
fixed length control field 00964nam a22002057a 4500
005 - DATE AND TIME OF LATEST TRANSACTION
control field 20231013162617.0
008 - FIXED-LENGTH DATA ELEMENTS--GENERAL INFORMATION
fixed length control field 231013s2003 ru ||||| |||| 00| 0 rus d
020 ## - INTERNATIONAL STANDARD BOOK NUMBER
International Standard Book Number 5862181989
041 ## - LANGUAGE CODE
Language code of text/sound track or separate title rus
080 ## - UNIVERSAL DECIMAL CLASSIFICATION NUMBER
Universal Decimal Classification number 94(37) K-86
100 ## - MAIN ENTRY--PERSONAL NAME
Personal name Ксенофонт
9 (RLIN) 20074
245 ## - TITLE STATEMENT
Title Анабасис :
Remainder of title Греческая история /
Statement of responsibility, etc. Ксенофонт, [Пер. С.Я. Лурье, М.И. Максимовой, С.И. Соболевского].
264 ## - PRODUCTION, PUBLICATION, DISTRIBUTION, MANUFACTURE, AND COPYRIGHT NOTICE
Place of production, publication, distribution, manufacture М. :
Name of producer, publisher, distributor, manufacturer ООО "Изд-во АСТ":"Ладомир",
Date of production, publication, distribution, manufacture, or copyright notice 2003.
300 ## - PHYSICAL DESCRIPTION
Extent 641c. ;
Other physical details 21см.
440 ## - SERIES STATEMENT/ADDED ENTRY--TITLE
Title Классическая мысль
9 (RLIN) 20075
653 ## - INDEX TERM--UNCONTROLLED
keyword ძველი საბერძნეთის ისტორია
653 ## - INDEX TERM--UNCONTROLLED
keyword ძველი ბერძნული ისტორიოგრაფია
653 ## - INDEX TERM--UNCONTROLLED
keyword ძველი საბერძნეთის ისტორიის ისტორიული წყაროები.
942 ## - ADDED ENTRY ELEMENTS (KOHA)
Source of classification or shelving scheme
Koha item type წიგნი
ეგზემპლარები
Withdrawn status Lost status Source of classification or shelving scheme Damaged status Not for loan Permanent Location Current Location Shelving location Date acquired Cost, normal purchase price Full call number Barcode Date last seen Copy number Uniform Resource Identifier Price effective from Koha item type Public note
          ბათუმის შოთა რუსთაველის სახელმწიფო უნივერსიტეტის მთავარი ბიბლიოთეკა ბათუმის შოთა რუსთაველის სახელმწიფო უნივერსიტეტის მთავარი ბიბლიოთეკა წიგნსაცავი 2023-10-13 7.00 94(37) K-86 65306 2023-10-13 65306 ბსუ-ს საპატიო დოქტორის გურამ ლორთქიფანიძის საჩუქარი 2023-10-13 წიგნი 7 ლ.